000 01310nam a2200241Ia 4500
003 Ost
005 20260507075051.0
008 260507s9999||||xx |||||||||||||| ||und||
020 _a9957060376
040 _cfsecg
041 _aara
082 _a346.07
100 _aالشريف ، عليان
_eمؤلف
245 0 _aمبادئ القانون التجاري /
_c عليان الشريف
260 _aعمان:
_bدار المسيرة,
_c2000
300 _a252 صفحة؛
_bإيضاحات ؛
_c24 سم
504 _aملاحق ص.210 مراجع ص.251
520 _aمفهوم و مصادر القانون التجاري و التطرق الى الاعمال التجارية و التاجر و المتجر و العقود التجارية كما تم تناول الشركات و شركة التضامن و شركة التوصية البسيطة و شركة المحاصة و الشركات ذات المسؤولية المحدودة و شركة التوصية بالأسهم و الشركة المساهمة العامة و اخيرا الاوراق التجارية و العمليات المصرفية.
653 _aالقانون التجاري
700 _aالباشا، محمد
_eمؤلف ثانوي
700 _aالحلبي، رياض
_eمؤلف ثانوي
942 _cكتاب
999 _c42661
_d42661